Normal view
MARC view
Entry Topical Term
001 - CONTROL NUMBER
- control field: 53211
003 - CONTROL NUMBER IDENTIFIER
- control field: OSt
005 - DATE AND TIME OF LATEST TRANSACTION
- control field: 20250516155942.0
008 - FIXED-LENGTH DATA ELEMENTS
- fixed length control field: 250516|| aca||aabn | a|a d
040 ## - CATALOGING SOURCE
- Original cataloging agency: OSt
- Transcribing agency: OSt
150 ## - HEADING--TOPICAL TERM
- Topical term or geographic name entry element: Latent semantic scaling, Legislative debates, Mindanao Conflict, Philippine politics, Text analysis.
670 ## - SOURCE DATA FOUND
- Source citation: Work cat.: (OSt): Watanabe, Aya 53210, Electoral incentives and negotiated settlements: Legislative deliberation on the Mindanao conflict in the Philippines
